[Event "WYCC Girls U14"]
[Site "Porto Carras"]
[Date "2015.11.01"]
[Round "7.12"]
[White "Gresova, Zuzana"]
[Black "Sliwicka, Alicja"]
[Result "0-1"]
[BlackElo "2129"]
[WhiteElo "1857"]
[LiveChessVersion "1.4.6"]

1. e4 {[%clk 1:30:56]} c5 {[%clk 1:30:51]} 2. Nf3 {[%clk 1:31:21]} d6
{[%clk 1:31:14]} 3. d4 {[%clk 1:31:43]} cxd4 {[%clk 1:31:39]} 4. Nxd4
{[%clk 1:32:06]} Nf6 {[%clk 1:32:03]} 5. Nc3 {[%clk 1:32:26]} Bd7
{[%clk 1:32:27]} 6. Be2 {[%clk 1:30:46]} e5 {[%clk 1:32:47]} 7. Nb3
{[%clk 1:22:50]} Bc6 {[%clk 1:33:06]} 8. Bg5 {[%clk 1:17:14]} Nbd7
{[%clk 1:33:26]} 9. Bg4 {[%clk 1:10:07]} Be7 {[%clk 1:27:39]} 10. Bxd7+
{[%clk 1:04:06]} Qxd7 {[%clk 1:26:27]} 11. Bxf6 {[%clk 1:02:58]} Bxf6
{[%clk 1:26:39]} 12. Nd5 {[%clk 1:01:47]} Bg5 {[%clk 1:25:15]} 13. h4
{[%clk 0:59:00]} Bh6 {[%clk 1:24:58]} 14. O-O {[%clk 0:51:24]} O-O
{[%clk 1:24:17]} 15. Re1 {[%clk 0:48:44]} f5 {[%clk 1:22:39]} 16. c4
{[%clk 0:41:52]} f4 {[%clk 1:21:03]} 17. Qh5 {[%clk 0:33:11]} f3 {[%clk 1:19:39]}
18. gxf3 {[%clk 0:23:38]} Bxd5 {[%clk 1:18:48]} 19. exd5 {[%clk 0:20:10]} Rf4
{[%clk 1:18:13]} 20. Re4 {[%clk 0:19:20]} Rxe4 {[%clk 1:10:27]} 21. fxe4
{[%clk 0:19:39]} Qh3 {[%clk 1:06:52]} 22. c5 {[%clk 0:13:04]} Bf4
{[%clk 1:05:17]} 23. Qf5 {[%clk 0:11:29]} Qh2+ {[%clk 1:05:19]} 24. Kf1
{[%clk 0:11:30]} Rf8 {[%clk 1:01:22]} 25. Qe6+ {[%clk 0:10:35]} Kh8
{[%clk 1:01:44]} 26. Ke2 {[%clk 0:09:49]} Qg2 {[%clk 0:53:47]} 27. Qe7
{[%clk 0:04:05]} Qxe4+ {[%clk 0:53:56]} 28. Kf1 {[%clk 0:03:58]} Qf5
{[%clk 0:53:24]} 29. cxd6 {[%clk 0:03:17]} Bh6 {[%clk 0:45:58]} 30. Qxf8+
{[%clk 0:01:35]} Qxf8 {[%clk 0:46:21]} 31. d7 {[%clk 0:01:29]} b6
{[%clk 0:45:47]} 32. Re1 {[%clk 0:01:28]} Qd8 {[%clk 0:45:32]} 33. Rxe5
{[%clk 0:01:11]} Qxd7 {[%clk 0:45:53]} 34. Nd4 {[%clk 0:01:03]} g6
{[%clk 0:44:50]} 35. Ne6 {[%clk 0:00:54]} Qd6 {[%clk 0:44:14]} 36. Re2
{[%clk 0:00:39]} Qxd5 {[%clk 0:44:19]} 37. Re1 {[%clk 0:00:37]} Bd2
{[%clk 0:43:26]} 38. Rd1 {[%clk 0:00:40]} Qc4+ {[%clk 0:43:45]} 0-1

[Event "WYCC Girls 12"]
[Site "Porto Carras, Halkidiki, GR"]
[Date "2015.10.25"]
[Round "1.1"]
[White "Rubsamen, Anais"]
[Black "Salimova, Nurgyul"]
[Result "0-1"]
[BlackElo "2144"]
[WhiteElo "1551"]
[LiveChessVersion "1.4.6"]

1. Nf3 Nf6 2. g3 d5 3. Bg2 c6 4. O-O Bf5 5. d3 e6 6. Nbd2 h6 7. b3 Bb4 8. Bb2
Nbd7 9. a4 O-O 10. Qc1 Qe7 11. c3 Bd6 12. c4 e5 13. Re1 e4 14. Nd4 Bg6 15. Nc2
Rac8 16. Bh3 Rfd8 17. Ne3 Be5 18. d4 Bd6 19. c5 Bc7 20. b4 Nh7 21. b5 Ng5 22. Bg2
f5 23. h4 Ne6 24. Bh3 f4 25. Nf5 Bxf5 26. Bxf5 fxg3 27. Bxe6+ Qxe6 28. f3 Qh3 29.
Nf1 g2 30. Ne3 Qh2+ 31. Kf2 Bg3# 0-1

[Event "WYCC Girls 12"]
[Site "Porto Carras, Halkidiki, GR"]
[Date "2015.10.25"]
[Round "1.2"]
[White "Solozhenkina, Elizaveta"]
[Black "Zhao, Chenyi"]
[Result "1-0"]
[BlackElo "1544"]
[WhiteElo "2062"]
[LiveChessVersion "1.4.6"]

1. e4 c5 2. Nf3 d6 3. d4 cxd4 4. Nxd4 Nf6 5. f3 a6 6. c4 e6 7. Nc3 Be7 8. Be2 O-O
9. O-O Qc7 10. Be3 Nbd7 11. Qd2 Ne5 12. b3 Bd7 13. Kh1 Rac8 14. f4 Ng6 15. Rac1
Qb8 16. a4 b6 17. g3 Rfd8 18. Bf3 Be8 19. Qg2 Nd7 20. f5 Ngf8 21. fxe6 Nxe6 22.
Bg4 Nec5 23. Nd5 Bf8 24. Rcd1 Qb7 25. Bf4 Rb8 26. b4 Nxa4 27. Bg5 f6 28. Qh3 h6
29. Ne6 fxg5 30. Nxd8 Rxd8 31. Be6+ Kh8 32. Qf5 g6 33. Qh3 Bg7 34. Bf7 Ne5 35.
Bxe8 Rxe8 36. Rf2 Nxc4 37. Re1 Nab2 38. Qf1 b5 39. Rf7 Qb8 40. Rxg7 Kxg7 41. Qf6+
Kg8 42. Qxg6+ Kh8 43. Nf6 Re7 44. Qxh6+ Rh7 45. Qxh7# 1-0

[Event "WYCC Girls 12"]
[Site "Porto Carras, Halkidiki, GR"]
[Date "2015.10.25"]
[Round "1.3"]
[White "Diaz, Luisa Fernanda"]
[Black "Yip, Carissa"]
[Result "0-1"]
[BlackElo "2007"]
[WhiteElo "1537"]
[LiveChessVersion "1.4.6"]

1. e4 g6 2. d4 Bg7 3. Nf3 d6 4. Nc3 a6 5. Be3 b5 6. a3 Bb7 7. Bd3 Nf6 8. h3 Nbd7
9. Qd2 c5 10. d5 O-O 11. Bh6 c4 12. Be2 Nc5 13. Bxg7 Kxg7 14. Qe3 e6 15. O-O-O
exd5 16. exd5 Re8 17. Qd4 Nce4 18. Rhe1 Kg8 19. Nxe4 Rxe4 20. Qd2 Nxd5 21. Ng5
Re5 22. h4 c3 23. Qd4 cxb2+ 24. Kxb2 Qe7 25. Rd2 Rc8 26. f4 Re3 27. Nf3 Re4 28.
Qd3 Nxf4 29. Qxd6 Qxd6 30. Rxd6 Rxe2 0-1

[Event "WYCC Girls 12"]
[Site "Porto Carras, Halkidiki, GR"]
[Date "2015.10.25"]
[Round "1.4"]
[White "Mrudul, Dehankar"]
[Black "Zhou, Iris"]
[Result "1-0"]
[BlackElo "1533"]
[WhiteElo "1890"]
[LiveChessVersion "1.4.6"]

1. d4 d5 2. c4 e6 3. Nc3 Nf6 4. Nf3 Bb4 5. Bg5 h6 6. Qa4+ Nc6 7. Bd2 dxc4 8. e3
O-O 9. Bxc4 Bd6 10. O-O Ne7 11. e4 e5 12. dxe5 Bxe5 13. Nxe5 Qxd2 14. Qb3 Qd4 15.
Nxf7 Kh7 16. Rad1 Qb6 17. Qc2 Ng6 18. e5 Ng8 19. h4 Bg4 20. Rd2 N8e7 21. Nd5 Nxd5
22. Bxd5 c6 23. Bb3 Rae8 24. Rd6 Bh5 25. g4 Qb4 26. f3 Qf4 27. Kg2 Kg8 28. Ng5+
Kh8 29. Rxg6 hxg5 30. gxh5 Rd8 31. Rf2 gxh4 32. Rg4 Qxe5 33. Rxh4 Qg5+ 34. Rg4
Qxh5 35. Qc3 Qh6 36. Kg1 1-0

[Event "WYCC Girls 12"]
[Site "Porto Carras, Halkidiki, GR"]
[Date "2015.10.25"]
[Round "1.5"]
[White "Portnoy, Noam"]
[Black "Duran, Esma Doga"]
[Result "0-1"]
[BlackElo "1876"]
[WhiteElo "1516"]
[LiveChessVersion "1.4.6"]

1. c4 e5 2. Nc3 Nf6 3. g3 Nc6 4. Bg2 Bc5 5. Nf3 d6 6. O-O O-O 7. d3 h6 8. a3 a5
9. Bd2 Bf5 10. Na4 Ba7 11. b4 axb4 12. axb4 e4 13. Ne1 Ne5 14. Qb3 Bg4 15. Nc3
Bd4 16. Rxa8 Qxa8 17. Nb5 Bb6 18. d4 Nc6 19. f3 exf3 20. exf3 Nxd4 21. Nxd4 Bxd4+
22. Kh1 Bf5 23. Nc2 Bxc2 24. Qxc2 Re8 25. Qd3 Qa7 26. Bc3 Bxc3 27. Qxc3 Re3 28.
Qb2 Ra3 29. f4 Ra2 30. Qc3 Ng4 31. h3 Ne3 32. Qe1 Rxg2 33. Rf3 Qa2 34. Rxe3 Rh2+
35. Kg1 Qg2# 0-1

[Event "WYCC Girls 12"]
[Site "Porto Carras, Halkidiki, GR"]
[Date "2015.10.25"]
[Round "1.6"]
[White "Salonika, Saina"]
[Black "Pecorini, Angie"]
[Result "1-0"]
[BlackElo "1515"]
[WhiteElo "1858"]
[LiveChessVersion "1.4.6"]

1. e4 c5 2. Nc3 Nc6 3. f4 e6 4. Nf3 d5 5. Bb5 Nge7 6. Ne5 a6 7. Bxc6+ Nxc6 8.
Nxc6 bxc6 9. Qe2 Be7 10. O-O O-O 11. e5 a5 12. d3 Qc7 13. Na4 Ba6 14. c4 Rab8 15.
b3 Rbe8 16. Be3 d4 17. Bd2 f6 18. Qe1 fxe5 19. Bxa5 Qb8 20. Bb6 Bd6 21. Bxc5 exf4
22. Qe4 f3 23. Bxd6 Qxd6 24. Rxf3 c5 25. Raf1 Rxf3 26. Qxf3 Qc7 27. Nxc5 Bc8 28.
b4 e5 29. Qd5+ Kh8 30. Qf7 Qxf7 31. Rxf7 1-0

[Event "WYCC Girls 12"]
[Site "Porto Carras, Halkidiki, GR"]
[Date "2015.10.25"]
[Round "1.7"]
[White "Cao, Claire"]
[Black "Ros Alonso, Joana"]
[Result "0-1"]
[BlackElo "1849"]
[WhiteElo "1514"]
[LiveChessVersion "1.4.6"]

1. e4 e6 2. d4 d5 3. Nd2 Nf6 4. e5 Nfd7 5. Bd3 c5 6. c3 Nc6 7. Ne2 cxd4 8. cxd4
f6 9. exf6 Nxf6 10. O-O Bd6 11. Nf3 O-O 12. Bg5 Qe8 13. Nc3 Qh5 14. h3 Nxd4 15.
Nxd4 Qxg5 16. Nf3 Qh6 17. Re1 Bd7 18. Ne5 Qf4 19. g3 Qh6 20. Nxd7 Nxd7 21. Qg4
Ne5 22. Rxe5 Bxe5 23. Re1 Bxc3 24. bxc3 Rae8 25. c4 Qd2 26. Qe2 Qxe2 27. Rxe2 Rf3
28. Bb1 dxc4 29. Be4 Rf7 30. Bd5 Rc7 31. Be4 c3 32. Kg2 Rd8 33. Rc2 Rd2 34. Rc1
Rxa2 35. g4 b5 36. Kf3 b4 37. Bc2 Rb2 38. Ke3 b3 39. Be4 Rd2 40. Rxc3 Rxc3+ 41.
Kxd2 Rxh3 42. f3 Rh2+ 43. Kc3 b2 44. Kb3 a5 45. Ka3 Kf7 46. Kb3 h6 47. Ka3 g6 48.
Kb3 Re2 49. Ka3 Rxe4 50. Kxb2 Rf4 51. Kb3 h5 52. gxh5 gxh5 53. Kc3 h4 54. Kd3 h3
55. Ke3 Rh4 56. f4 h2 57. f5 h1=Q 58. fxe6+ Kxe6 0-1

[Event "WYCC Girls 12"]
[Site "Porto Carras, Halkidiki, GR"]
[Date "2015.10.25"]
[Round "1.8"]
[White "Nurgali, Nazerke"]
[Black "Kublanov, Elizabeth"]
[Result "1-0"]
[BlackElo "1514"]
[WhiteElo "1841"]
[LiveChessVersion "1.4.6"]

1. d4 d5 2. Nf3 Nf6 3. c4 e6 4. Nc3 Nc6 5. Bg5 Be7 6. e3 O-O 7. Bd3 h6 8. Bh4 b6
9. cxd5 exd5 10. O-O Bg4 11. Rc1 Nb4 12. Bb1 c5 13. dxc5 bxc5 14. a3 Nc6 15. Bxf6
Bxf6 16. Nxd5 Bxb2 17. Rxc5 Ne5 18. Qc2 g6 19. Qxb2 Nxf3+ 20. gxf3 f5 21. fxg4
Qg5 22. f4 Qxg4+ 23. Qg2 Qxg2+ 24. Kxg2 g5 25. Ne7+ Kg7 26. Nxf5+ Kg6 27. Rc6+
Kf7 28. Nxh6+ Ke7 29. fxg5 Rxf1 30. Kxf1 Rf8+ 31. Ke2 Rb8 32. Bd3 a5 33. g6 Kf8
34. Rc7 Rb2+ 35. Kf3 1-0

[Event "WYCC Girls 12"]
[Site "Porto Carras, Halkidiki, GR"]
[Date "2015.10.25"]
[Round "1.9"]
[White "Lkhagvadolgor, Serchinbal"]
[Black "Beydullayeva, Govhar"]
[Result "1/2-1/2"]
[BlackElo "1831"]
[WhiteElo "1510"]
[LiveChessVersion "1.4.6"]

1. d4 d5 2. Nf3 Nf6 3. e3 Bf5 4. Bd3 e6 5. Bxf5 exf5 6. Nbd2 Bd6 7. c4 c6 8. Qc2
g6 9. b3 Nbd7 10. Bb2 Qe7 11. O-O O-O 12. Rfe1 Ne4 13. cxd5 cxd5 14. Rac1 Ndf6
15. h3 Rfe8 16. Nf1 Nd7 17. Qd3 a6 18. Rc2 Nb8 19. Qe2 Nc6 20. Rec1 Rac8 21. N1d2
Bb4 22. Rd1 f4 23. Nf1 Bd6 24. N3d2 f5 25. Nb1 Qf7 26. Ba3 fxe3 27. fxe3 Bb8 28.
Nbd2 Ng3 29. Nxg3 Bxg3 30. Qf3 Bb8 31. Nf1 Qe6 32. Kf2 Rcd8 33. Rc3 Kg7 34. Rdc1
Na7 35. R3c2 Nb5 36. Bb4 Nd6 37. Bxd6 Bxd6 38. Ng3 Bb8 39. Rc5 Rf8 40. Ne2 Rf7
41. Nf4 Bxf4 42. Qxf4 h6 43. h4 Re7 44. b4 Rde8 45. R1c3 Rd8 46. a4 Qf6 47. g3 g5
48. hxg5 hxg5 49. Qf3 Qd6 50. Kg2 Kg6 51. b5 axb5 52. axb5 g4 53. Qf4 Qxf4 54.
gxf4 Kf6 55. Rc7 Ke6 56. Rc1 Rdd7 57. Rxd7 Rxd7 58. Rh1 Rd6 59. Rh5 Rd7 60. Rh6+
Ke7 61. Kg3 Ke8 62. Rf6 Rf7 63. Rd6 Re7 64. Kf2 Rd7 65. Rf6 Rf7 66. Rd6 Rd7 67.
Rf6 Rf7 68. Rd6 Rd7 1/2-1/2

[Event "WYCC Girls 12"]
[Site "Porto Carras, Halkidiki, GR"]
[Date "2015.10.25"]
[Round "1.10"]
[White "Majoros, Rozsa"]
[Black "Khachatryan, Marieta"]
[Result "1-0"]
[BlackElo "1502"]
[WhiteElo "1826"]
[LiveChessVersion "1.4.6"]

1. d4 d5 2. Nf3 Nf6 3. c4 dxc4 4. e3 c5 5. Bxc4 e6 6. O-O Nc6 7. Nc3 Be7 8. b3
O-O 9. Bb2 b6 10. d5 exd5 11. Nxd5 Nxd5 12. Bxd5 Bb7 13. Ne5 Qc8 14. Nxc6 Bxc6
15. e4 Bxd5 16. exd5 Rd8 17. Qf3 Qb7 18. Rad1 Rd7 19. Qg3 Bf8 20. d6 Kh8 21. Rd2
f6 22. Rfd1 Rad8 23. Qe3 Qb8 24. Qe6 Bxd6 25. g3 Qc7 26. Rd5 b5 27. Bxf6 Rf8 28.
Be5 Bxe5 29. Rxd7 Qb8 30. R7d5 Bd4 31. Rf5 Bf6 32. Rxc5 Re8 33. Qd6 Qa8 34. Qc6
Qb8 35. Rxb5 Qa8 36. Qxa8 Rxa8 37. Rb7 h6 38. Rdd7 a5 39. Rd5 a4 40. Rdb5 a3 41.
Rb8+ Rxb8 42. Rxb8+ Kh7 43. b4 1-0

[Event "WYCC Girls 12"]
[Site "Porto Carras, Halkidiki, GR"]
[Date "2015.10.25"]
[Round "1.11"]
[White "Mikic, Ivana"]
[Black "Berdnyk, Mariia"]
[Result "0-1"]
[BlackElo "1822"]
[WhiteElo "1501"]
[LiveChessVersion "1.4.6"]

1. e4 e6 2. d4 d5 3. e5 c5 4. c3 Qb6 5. a3 Nc6 6. Nf3 c4 7. Be2 Na5 8. Nbd2 Bd7
9. O-O O-O-O 10. Rb1 Kb8 11. Qc2 f6 12. b4 cxb3 13. Nxb3 Ba4 14. Nfd2 fxe5 15.
dxe5 Bc5 16. Qb2 Nxb3 17. Nxb3 Bxb3 18. Qxb3 Qxb3 19. Rxb3 Ne7 20. Bg4 Nc6 21.
Bxe6 Rhf8 22. g3 h6 23. Kg2 d4 24. c4 Nxe5 25. Bf4 Bd6 26. c5 g5 27. Bxe5 Bxe5
28. c6 b6 29. Bd7 Bd6 30. a4 Bc5 31. a5 Kc7 32. axb6+ axb6 33. f3 Ra8 34. Rb2 Ra3
35. f4 gxf4 36. Rxf4 Rxf4 37. gxf4 d3 38. f5 Bd4 39. Rd2 Be3 40. Rd1 Bg5 41. Kf3
Rc3 42. Ke4 d2 43. f6 Rc1 44. f7 Rxd1 45. f8=Q Re1+ 46. Kf3 Rf1+ 0-1

[Event "WYCC Girls 12"]
[Site "Porto Carras, Halkidiki, GR"]
[Date "2015.10.25"]
[Round "1.12"]
[White "Hercog, Nusa"]
[Black "Zhu, Evelyn"]
[Result "1-0"]
[BlackElo "1500"]
[WhiteElo "1790"]
[LiveChessVersion "1.4.6"]

1. d4 Nf6 2. c4 c5 3. d5 b5 4. cxb5 a6 5. bxa6 g6 6. Nc3 Bxa6 7. Nf3 d6 8. e4
Bxf1 9. Kxf1 Nbd7 10. g3 Bg7 11. Kg2 O-O 12. a4 Qb6 13. Qc2 Qb7 14. Bf4 Rfb8 15.
Rhb1 Ng4 16. h3 Nge5 17. Nxe5 Nxe5 18. Nb5 Nd7 19. Ra3 Nb6 20. Rba1 h5 21. R1a2
Qd7 22. b3 Kh7 23. Qd3 Nc8 24. Bd2 Na7 25. Nxa7 Rxa7 26. f4 e6 27. Be1 Rc7 28.
Qc4 Rcb7 29. Re2 Re8 30. a5 Ra7 31. a6 exd5 32. Qxd5 Qe6 33. Qxe6 Rxe6 34. Kf3
Re8 35. Bf2 Rea8 36. Rea2 Rb8 37. e5 Bf8 38. g4 hxg4+ 39. hxg4 d5 40. Bh4 Bg7 41.
Rc2 Rc8 42. Rd2 d4 43. Ke4 Bf8 44. Rh2 Kg8 45. Bf6 Bg7 46. Bxg7 Kxg7 47. f5 gxf5+
48. gxf5 Rh8 49. Rxh8 Kxh8 50. Ra5 Kg7 51. Rxc5 Rxa6 52. Kxd4 Rb6 53. Kc4 Kh6 54.
b4 Kg5 55. f6 Kg6 56. b5 Kf5 57. Kb4 Ke4 58. Ka5 Rb8 59. b6 Kd4 60. Kb5 Ke4 61.
Rc7 Kxe5 62. Rxf7 Ke6 63. Rc7 Kxf6 64. Kc6 1-0

[Event "WYCC Girls 12"]
[Site "Porto Carras"]
[Date "2015.10.26"]
[Round "2.1"]
[White "Salimova, Nurgyul"]
[Black "Arda, Dogasu"]
[Result "1/2-1/2"]
[BlackElo "1644"]
[WhiteElo "2144"]
[LiveChessVersion "1.4.6"]

1. e4 {[%clk 1:30:57]} e5 {[%clk 1:30:52]} 2. Nf3 {[%clk 1:31:22]} Nc6
{[%clk 1:31:17]} 3. Bb5 {[%clk 1:31:46]} a6 {[%clk 1:31:42]} 4. Ba4
{[%clk 1:32:10]} d6 {[%clk 1:32:01]} 5. h3 {[%clk 1:31:50]} b5 {[%clk 1:29:42]}
6. Bb3 {[%clk 1:32:19]} Na5 {[%clk 1:29:54]} 7. d3 {[%clk 1:32:05]} Nxb3
{[%clk 1:27:49]} 8. axb3 {[%clk 1:32:34]} Nf6 {[%clk 1:27:27]} 9. O-O
{[%clk 1:31:00]} Be7 {[%clk 1:26:53]} 10. Re1 {[%clk 1:30:52]} O-O
{[%clk 1:25:45]} 11. Bg5 {[%clk 1:23:33]} h6 {[%clk 1:23:24]} 12. Bxf6
{[%clk 1:22:33]} Bxf6 {[%clk 1:23:45]} 13. Nc3 {[%clk 1:22:40]} Bb7
{[%clk 1:22:44]} 14. Qd2 {[%clk 1:22:07]} Be7 {[%clk 1:16:48]} 15. d4
{[%clk 1:20:32]} exd4 {[%clk 1:12:04]} 16. Nxd4 {[%clk 1:20:25]} Bf6
{[%clk 1:10:01]} 17. Rad1 {[%clk 1:15:26]} Re8 {[%clk 1:07:06]} 18. Qd3
{[%clk 1:11:03]} d5 {[%clk 1:03:48]} 19. exd5 {[%clk 1:07:22]} Rxe1+
{[%clk 1:01:27]} 20. Rxe1 {[%clk 1:07:51]} Bxd5 {[%clk 1:01:44]} 21. Ndxb5
{[%clk 1:06:24]} Bxb3 {[%clk 0:57:18]} 22. Qxd8+ {[%clk 1:05:27]} Rxd8
{[%clk 0:56:40]} 23. Nxc7 {[%clk 1:04:39]} Bxc2 {[%clk 0:53:55]} 24. Nxa6
{[%clk 1:04:42]} Rd2 {[%clk 0:52:16]} 25. Nb4 {[%clk 0:55:45]} Bg6
{[%clk 0:50:10]} 26. Nbd5 {[%clk 0:46:33]} Rxb2 {[%clk 0:49:15]} 27. Re8+
{[%clk 0:44:55]} Kh7 {[%clk 0:49:35]} 28. Nxf6+ {[%clk 0:45:18]} gxf6
{[%clk 0:49:54]} 29. Nd5 {[%clk 0:45:28]} Kg7 {[%clk 0:49:49]} 30. f4
{[%clk 0:44:25]} Bd3 {[%clk 0:39:00]} 31. Re3 {[%clk 0:43:20]} Rd2
{[%clk 0:30:01]} 32. Rg3+ {[%clk 0:42:45]} Bg6 {[%clk 0:29:32]} 33. Ne3
{[%clk 0:35:49]} Kf8 {[%clk 0:25:25]} 34. f5 {[%clk 0:34:13]} Bh5
{[%clk 0:20:56]} 35. Nf1 {[%clk 0:21:25]} Rd5 {[%clk 0:19:32]} 36. Ne3
{[%clk 0:21:04]} Rd2 {[%clk 0:19:37]} 37. Ng4 {[%clk 0:19:42]} Bxg4
{[%clk 0:19:03]} 38. Rxg4 {[%clk 0:19:37]} Re2 {[%clk 0:18:10]} 39. Kf1
{[%clk 0:19:01]} Ra2 {[%clk 0:17:49]} 1/2-1/2

[Event "WYCC Girls 12"]
[Site "Porto Carras"]
[Date "2015.10.26"]
[Round "2.2"]
[White "Condori, Ana Paula"]
[Black "Solozhenkina, Elizaveta"]
[Result "0-1"]
[BlackElo "2062"]
[WhiteElo "1640"]
[LiveChessVersion "1.4.6"]

1. e4 {[%clk 1:30:58]} c5 {[%clk 1:30:55]} 2. Nf3 {[%clk 1:31:22]} e6
{[%clk 1:31:19]} 3. d4 {[%clk 1:31:46]} cxd4 {[%clk 1:31:45]} 4. Nxd4
{[%clk 1:32:08]} a6 {[%clk 1:32:09]} 5. Be3 {[%clk 1:31:50]} Qc7 {[%clk 1:31:55]}
6. a3 {[%clk 1:31:13]} Nf6 {[%clk 1:30:37]} 7. Nc3 {[%clk 1:31:18]} b5
{[%clk 1:29:34]} 8. Bd3 {[%clk 1:24:25]} Bb7 {[%clk 1:26:50]} 9. Nde2
{[%clk 1:15:26]} d5 {[%clk 1:13:37]} 10. exd5 {[%clk 1:14:58]} Nxd5
{[%clk 1:14:00]} 11. Nxd5 {[%clk 1:15:14]} Bxd5 {[%clk 1:14:24]} 12. Nf4
{[%clk 1:07:49]} Bb7 {[%clk 1:13:36]} 13. O-O {[%clk 0:58:08]} Bd6
{[%clk 0:58:36]} 14. Qg4 {[%clk 0:51:35]} O-O {[%clk 0:56:48]} 15. h4
{[%clk 0:42:55]} Nc6 {[%clk 0:51:54]} 16. Nh3 {[%clk 0:36:33]} f5
{[%clk 0:47:26]} 17. Qh5 {[%clk 0:32:28]} g6 {[%clk 0:33:54]} 18. Qh6
{[%clk 0:25:42]} Ne5 {[%clk 0:21:05]} 19. Bc1 {[%clk 0:11:47]} Ng4
{[%clk 0:15:24]} 20. Qd2 {[%clk 0:11:50]} Bc5 {[%clk 0:15:15]} 21. Qf4
{[%clk 0:11:04]} e5 {[%clk 0:15:32]} 22. Qg3 {[%clk 0:10:47]} Qd7
{[%clk 0:07:24]} 23. Be2 {[%clk 0:09:46]} h5 {[%clk 0:05:31]} 24. Bxg4
{[%clk 0:09:03]} hxg4 {[%clk 0:05:52]} 25. Ng5 {[%clk 0:05:13]} f4
{[%clk 0:05:46]} 26. Qc3 {[%clk 0:04:46]} Qc6 {[%clk 0:05:36]} 27. Qb3+
{[%clk 0:03:04]} Kh8 {[%clk 0:06:01]} 28. Qc3 {[%clk 0:02:19]} Qxg2#
{[%clk 0:06:24]} 0-1

[Event "WYCC Girls 12"]
[Site "Porto Carras"]
[Date "2015.10.26"]
[Round "2.3"]
[White "Yip, Carissa"]
[Black "Rinaudo, Giada"]
[Result "1-0"]
[BlackElo "1639"]
[WhiteElo "2007"]
[LiveChessVersion "1.4.6"]

1. e4 {[%clk 1:30:57]} d6 {[%clk 1:30:47]} 2. d4 {[%clk 1:30:35]} Nf6
{[%clk 1:30:57]} 3. Nc3 {[%clk 1:30:55]} c6 {[%clk 1:31:12]} 4. Nf3
{[%clk 1:30:19]} Nbd7 {[%clk 1:31:13]} 5. e5 {[%clk 1:25:29]} dxe5
{[%clk 1:30:03]} 6. dxe5 {[%clk 1:25:50]} Ng4 {[%clk 1:28:40]} 7. e6
{[%clk 1:24:47]} fxe6 {[%clk 1:24:20]} 8. Ng5 {[%clk 1:23:55]} Ngf6
{[%clk 1:16:41]} 9. Nxe6 {[%clk 1:24:12]} Qa5 {[%clk 1:15:15]} 10. Bf4
{[%clk 1:21:44]} Nd5 {[%clk 1:12:02]} 11. Qh5+ {[%clk 1:21:59]} g6
{[%clk 1:11:57]} 12. Qg5 {[%clk 1:20:43]} Qb4 {[%clk 1:06:59]} 13. Bd2
{[%clk 1:14:45]} Qd6 {[%clk 0:49:19]} 14. Nxd5 {[%clk 0:53:43]} Qxe6+
{[%clk 0:48:01]} 15. Ne3 {[%clk 0:54:08]} Bg7 {[%clk 0:47:06]} 16. Bc4
{[%clk 0:53:35]} Qe4 {[%clk 0:37:08]} 17. O-O {[%clk 0:43:47]} Bxb2
{[%clk 0:35:48]} 18. Rae1 {[%clk 0:42:34]} Bf6 {[%clk 0:33:37]} 19. Qg3
{[%clk 0:37:43]} Ne5 {[%clk 0:30:26]} 20. Nd5 {[%clk 0:29:48]} Qxc4
{[%clk 0:25:13]} 21. Nc7+ {[%clk 0:28:29]} Kf7 {[%clk 0:24:33]} 22. Nxa8
{[%clk 0:28:40]} Qxc2 {[%clk 0:22:44]} 23. Bg5 {[%clk 0:25:11]} Bf5
{[%clk 0:21:35]} 24. Rxe5 {[%clk 0:24:28]} Bxe5 {[%clk 0:19:32]} 25. Qxe5
{[%clk 0:24:53]} Rxa8 {[%clk 0:19:38]} 26. Qxe7+ {[%clk 0:25:18]} Kg8
{[%clk 0:20:00]} 27. Bf6 {[%clk 0:25:39]} 1-0

[Event "WYCC Girls 12"]
[Site "Porto Carras"]
[Date "2015.10.26"]
[Round "2.4"]
[White "Bai, Xue"]
[Black "Mrudul, Dehankar"]
[Result "1-0"]
[BlackElo "1890"]
[WhiteElo "1639"]
[LiveChessVersion "1.4.6"]

1. e4 {[%clk 1:30:57]} c6 {[%clk 1:30:47]} 2. d4 {[%clk 1:31:19]} d5
{[%clk 1:31:07]} 3. Nd2 {[%clk 1:31:37]} dxe4 {[%clk 1:31:09]} 4. Nxe4
{[%clk 1:32:01]} Bf5 {[%clk 1:31:33]} 5. Ng3 {[%clk 1:32:24]} Bg6
{[%clk 1:31:58]} 6. h4 {[%clk 1:32:44]} h6 {[%clk 1:32:18]} 7. h5
{[%clk 1:33:08]} Bh7 {[%clk 1:32:42]} 8. Nf3 {[%clk 1:33:30]} Nd7
{[%clk 1:32:52]} 9. Bd3 {[%clk 1:32:50]} Bxd3 {[%clk 1:33:13]} 10. Qxd3
{[%clk 1:33:15]} Ngf6 {[%clk 1:32:37]} 11. Be3 {[%clk 1:32:30]} e6
{[%clk 1:31:26]} 12. c3 {[%clk 1:28:47]} Bd6 {[%clk 1:29:01]} 13. Ne2
{[%clk 1:26:01]} Qc7 {[%clk 1:20:29]} 14. Nd2 {[%clk 1:24:47]} b5
{[%clk 0:50:40]} 15. Ne4 {[%clk 1:22:50]} Nxe4 {[%clk 0:49:16]} 16. Qxe4
{[%clk 1:23:08]} Nf6 {[%clk 0:48:59]} 17. Qf3 {[%clk 1:22:41]} Nd5
{[%clk 0:37:20]} 18. Rh4 {[%clk 1:21:42]} f5 {[%clk 0:24:20]} 19. Bf4
{[%clk 1:21:10]} Bxf4 {[%clk 0:19:56]} 20. Nxf4 {[%clk 1:21:33]} Nxf4
{[%clk 0:19:59]} 21. Qxf4 {[%clk 1:21:48]} Qxf4 {[%clk 0:17:09]} 22. Rxf4
{[%clk 1:21:55]} Ke7 {[%clk 0:15:13]} 23. Kd2 {[%clk 1:18:36]} Kf6
{[%clk 0:14:36]} 24. Re1 {[%clk 1:18:44]} Rhe8 {[%clk 0:14:17]} 25. Rf3
{[%clk 1:18:38]} Kg5 {[%clk 0:09:17]} 26. Re5 {[%clk 1:17:29]} Re7
{[%clk 0:03:48]} 27. Rh3 {[%clk 1:16:28]} Rd8 {[%clk 0:02:58]} 28. Rhe3
{[%clk 1:14:34]} Rd6 {[%clk 0:01:31]} 29. f3 {[%clk 1:14:49]} Kf6
{[%clk 0:01:19]} 30. g4 {[%clk 1:14:45]} Rd5 {[%clk 0:01:14]} 31. Kd3
{[%clk 1:11:34]} a6 {[%clk 0:00:58]} 32. b3 {[%clk 1:10:47]} Rxe5
{[%clk 0:00:51]} 33. Rxe5 {[%clk 1:08:55]} Rd7 {[%clk 0:00:57]} 34. Ke3
{[%clk 1:04:47]} fxg4 {[%clk 0:00:38]} 35. fxg4 {[%clk 1:05:12]} Ke7 36. Rc5
{[%clk 1:01:58]} Kd6 {[%clk 0:01:18]} 37. c4 {[%clk 1:00:30]} Rb7
{[%clk 0:00:39]} 38. Ke4 {[%clk 1:00:23]} Rf7 39. a4 {[%clk 1:30:48]} bxa4
{[%clk 0:00:36]} 40. bxa4 {[%clk 1:30:59]} Ra7 41. Ra5 Ra8 {[%clk 0:29:39]} 42.
g5 {[%clk 1:27:16]} Ra7 {[%clk 0:25:10]} 43. Re5 {[%clk 1:27:01]} Rb7
{[%clk 0:24:41]} 44. Ra5 Ra7 45. Kd3 Ra8 46. Kc3 Ra7 47. Re5 Rf7 48. g6 Rb7 49.
Re1 a5 50. Rf1 Re7 51. Kd3 Kd7 52. Ke4 Kd6 53. Rf8 Kc7 54. Ke5 Rd7 55. Re8 c5 56.
dxc5 Rd1 57. Kxe6 Rh1 58. Kf7 Rxh5 59. Kxg7 Rxc5 60. Kxh6 Rxc4 61. g7 Rg4 62.
g8=Q 1-0